LEADER 01372nam--2200385---450 001 990002277670203316 005 20200708115737.0 035 $a000227767 035 $aUSA01000227767 035 $a(ALEPH)000227767USA01 035 $a000227767 100 $a20041216d1982----km-y0itay0103----ba 101 0 $aita 102 $aIT 105 $a||||||||001yy 200 1 $a<> accordi sindacali nel pubblico impiego$epluralismo giuridico, separazione degli ordinamenti e forme di comunicazione$fAndrea Orsi Battaglini 210 $aMilano$cGiuffrè$d1982 215 $aVI, 325 p.$d25 cm 225 2 $aPubblicazioni della Facoltà di giurisprudenza$fUniversità di Firenze$v44 410 0$12001$aPubblicazioni della Facoltà di giurisprudenza$fUniversità di Firenze$v44 454 1$12001 461 1$1001-------$12001 606 0 $aImpiego pubblico$xDiritto del lavoro 606 0 $aImpiegati pubblici$xContratti collettivi$xDiritto 676 $a344.01 700 1$aORSI BATTAGLINI,$bAndrea$0246593 801 0$aIT$bsalbc$gISBD 912 $a990002277670203316 951 $aXXV.2.E 46 (IG III 488)$b7506 E.C.$cXXV.2.E 46 (IG III)$d00241700 959 $aBK 969 $aGIU 979 $aSIAV4$b10$c20041216$lUSA01$h1352 979 $aRSIAV3$b90$c20090804$lUSA01$h1002 996 $aAccordi sindacali nel pubblico impiego$9688530 997 $aUNISA LEADER 01838nam0 2200361 i 450 001 TO00395721 005 20251003044405.0 010 $a8834860551 020 $aIT$b97-6520 100 $a20150323d1996 ||||0itac50 ba 101 | $aita 102 $ait 181 1$6z01$ai $bxxxe 182 1$6z01$an 200 1 $aDalle cattedrali romaniche ai mulini a vapore$escritti di storia mediterranea$fGiuseppe De Gennaro 210 $aTorino$cG. Giappichelli$d1996 215 $aX, 362 p.$cill.$d24 cm 300 $aSegue: Appendice. 606 $aPuglia$xCondizioni economiche e sociali$xSec. 16.-19.$2FIR$3CFIC091033$9I 676 $a330.94575$9SITUAZIONI E CONDIZIONI ECONOMICHE. PUGLIA$v23 676 $a330.9457507$9SITUAZIONI E CONDIZIONI ECONOMICHE. PUGLIA. 1516-1799$v22 700 1$aDe Gennaro$b, Giuseppe$f <1927- >$3CFIV159600$4070$024623 790 1$aGennaro$b, Giuseppe : de$f <1927- >$3SBNV044078$zDe Gennaro, Giuseppe <1927- > 801 3$aIT$bIT-000000$c20150323 850 $aIT-BN0095 $aIT-NA0079 $aIT-NA0452 901 $bNAP BN$cMAGAZZINO $nmagazzini correnti divisi per anni 901 $bNAP IS$cISEM $nSezione di storia economica dell'ex Istituto di storia economica del Mezzogiorno 901 $bNAP 01$cPOZZO LIB.$nVi sono collocati fondi di economia, periodici di ingegneria e scienze, periodici di economia e statistica e altri fondi comprendenti documenti di economia pervenuti in dono. 912 $aTO00395721 950 0$aBiblioteca Centralizzata di Ateneo$c1 v.$d 01POZZO LIB.F. ASSANTE 570$e 0101 0060018595E VMA 1 v. 1 v. (Precedente collocazione A 728)$fB $h20220929$i20220929 977 $a 01$a BN$a IS 996 $aDalle cattedrali romaniche ai mulini a vapore$9500817 997 $aUNISANNIO